Hydrogen

Bibliographic Details
Main Author: Farndon,John
Format: Book
Published: Malaysia : Federal Publication , 2003
Series:The Elements
Subjects:

MARC

LEADER 00000cam a2200000 7i4500
001 0000005496
005 20151222.0
008 070806
020 |a 983580804X 
090 0 0 |a SC   |b ENG 
100 1 |a Farndon,John 
245 1 0 |a Hydrogen   |c John Farndon 
260 |a Malaysia :   |b Federal Publication ,   |c 2003 
440 |a The Elements 
500 |a Children ages 10-12 years old (pink) 
650 0 |a Hydrogen   |x Juvenile literature 
999 |a 0000115013   |b Book   |c Children Collection   |e Cawangan Tmn. Ungku Tun Aminah 
999 |a 0000979655   |b Book   |c Children Collection   |e Cawangan Tangkak 
999 |a 0000979656   |b Book   |c Children Collection   |e Cawangan Tangkak 
999 |a 0000979657   |b Book   |c Children Collection   |e Cawangan Tangkak 
999 |a 0000979658   |b Book   |c Children Collection   |e Cawangan Batu Pahat 
999 |a 0000979659   |b Book   |c Children Collection   |e Cawangan Segamat 
999 |a 0001143962   |b Book   |c Children Collection   |e Cawangan Taman Universiti 
999 |a 0001143963   |b Book   |c Children Collection   |e Cawangan Segamat 
999 |a 0001143965   |b Book   |c Children Collection   |e Cawangan Pontian 
999 |a 0001143966   |b Book   |c Teenagers   |e Cawangan Bandar Tenggara 
999 |a 0001144098   |b Book   |c Children Collection   |e Cawangan Bukit Gambir 
999 |a 0001147015   |b Book   |c Children Collection   |e Cawangan Bukit Gambir 
999 |a 0001147018   |b Book   |c Children Collection   |e Cawangan Bandar Tenggara 
999 |a 0001147023   |b Book   |c Children Collection   |e Cawangan Pontian 
999 |a 0001147024   |b Book   |c Children Collection   |e Cawangan Mersing 
999 |a 0001147025   |b Book   |c Children Collection   |e Cawangan Segamat 
999 |a 0001149775   |b Book   |c Children Collection   |e Cawangan Bandar Penawar 
999 |a 0001149792   |b Book   |c Children Collection   |e Cawangan Tangkak 
999 |a 0001149796   |b Book   |c Children Collection   |e Cawangan Segamat 
999 |a 0001149797   |b Book   |c Children Collection   |e Cawangan Taman Universiti 
999 |a 0001149799   |b Book   |c Children Collection   |e Cawangan Mersing 
999 |a 0001149812   |b Book   |c Children Collection   |e Cawangan Taman Universiti 
999 |a 0001150130   |b Book   |c Children Collection   |e Cawangan Bandar Penawar 
999 |a 0001150131   |b Book   |c Children Collection   |e Cawangan Tmn. Ungku Tun Aminah